000
00299nam a22001337a 4500
008
170622b xxu||||| |||| 00| 0 eng d
020
_a
9780742557857
041
_a
eng
080
_2
4 ED
_a
32
100
_a
21
101
_a
SHP
245
_a
AFTER PUTINS RUSISIA
_c
WEGREN.S.K
942
_2
udc
_c
BK
999
_c
18773
_d
18773